ბათუმის შოთა რუსთაველის სახელმწიფო უნივერსიტეტის ბიბლიოთეკა

სასოფლო–სამეურნეო ცხოველთა ფიზიოლოგია. (ბიბ.ჩანაწერი № 44865)

000 -LEADER
fixed length control field 00991nam a2200229Ia 4500
001 - CONTROL NUMBER
control field 11679
003 - CONTROL NUMBER IDENTIFIER
control field GE_BSU
008 - FIXED-LENGTH DATA ELEMENTS--GENERAL INFORMATION
fixed length control field 181216s||||||||xx |||||||||||||| ||und||
040 ## - CATALOGING SOURCE
Transcribing agency GE_BSU
080 ## - UNIVERSAL DECIMAL CLASSIFICATION NUMBER
Universal Decimal Classification number 636:612(075)
100 ## - MAIN ENTRY--PERSONAL NAME
Personal name ვიქტოროვი,კ.რ.
245 ## - TITLE STATEMENT
Title სასოფლო–სამეურნეო ცხოველთა ფიზიოლოგია.
245 ## - TITLE STATEMENT
Remainder of title სახელმძღვ.ზოოტექნიკურ–ვეტერინარულ ინ–ტებისა და ფაკ–ტეტებისათვის.
245 ## - TITLE STATEMENT
Statement of responsibility, etc. რედ:მ.ღვინიაშვილი;მთარგმ:გ.ჩიტიაშვილი.
260 ## - PUBLICATION, DISTRIBUTION, ETC.
Place of publication, distribution, etc. თბილისი.
260 ## - PUBLICATION, DISTRIBUTION, ETC.
Name of publisher, distributor, etc. ცოდნა.
260 ## - PUBLICATION, DISTRIBUTION, ETC.
Date of publication, distribution, etc. 1964.
300 ## - PHYSICAL DESCRIPTION
Extent 362გვ;21სმ.
300 ## - PHYSICAL DESCRIPTION
Accompanying material ილ.
653 ## - INDEX TERM--UNCONTROLLED
Uncontrolled term სასოფლო–სამეურნეო ცხოველთა ფიზიოლოგია.
942 ## - ADDED ENTRY ELEMENTS (KOHA)
Koha item type წიგნი
ეგზემპლარები
Withdrawn status Lost status Damaged status Not for loan Date acquired Barcode Date last seen Price effective from Koha item type
        2018-12-17 20372 2018-12-17 2018-12-17 წიგნი